MARC

LEADER 00000nam0a2200000 4500
001 214348
005 20231101225859.0
010 |a 1904720250 
035 |a (RuTPU)RU\TPU\book\234210 
090 |a 214348 
100 |a 20120423d2005 m y0rusy50 ba 
101 0 |a eng 
102 |a GB 
105 |a a j 000zy 
200 1 |a Catwoman  |e level 3  |f editor F. Beddall 
210 |a London  |c Scholastic  |d 2005 
215 |a 65 p.  |c il. 
225 1 |a Scholastic elt readers 
606 1 |a Английский язык  |x Учебные руководства и пособия  |x Хрестоматии, книги для чтения  |2 stltpush  |3 (RuTPU)RU\TPU\subj\29075  |9 52487 
610 1 |a американская литература 
610 1 |a киносценарии 
610 1 |a приключения 
610 1 |a фантастика 
686 |a Ш143.21-923.8  |v LBC/SL-A  |2 rubbk 
702 1 |a Beddall  |b F.  |g Fiona  |4 340 
801 1 |a RU  |b 63413507  |c 20120423 
801 2 |a RU  |b 63413507  |c 20120425  |g RCR 
942 |c BK